Sensor Array Signal Processing

Gespeichert in:
Bibliographische Detailangaben
1. Verfasser: Naidu, Prabhakar S. (Verfasst von)
Format: Buch
Sprache:Englisch
Veröffentlicht: Boca Raton : Taylor & Francis Group, 2009
Ausgabe:2.ed.
Schlagworte:
Tags: Tag hinzufügen
Keine Tags, Fügen Sie das erste Tag hinzu!

MARC

LEADER 00000nam a22000003a 4500
001 stu224955
005 20150617225743.3
008 110506s2009----xxu-----------------eng-d
020 |a 978-1-4200-7190-0 
040 |a STU  |b slo 
041 0 |a eng 
044 |a xxu 
080 |a 681.586 
080 |a 621.391 
100 1 |a Naidu, Prabhakar S.  |4 aut 
245 1 |a Sensor Array Signal Processing 
250 |a 2.ed. 
260 |a Boca Raton :  |b Taylor & Francis Group,  |c 2009 
300 |a 533 s 
650 7 |a senzory  |2 stusub 
650 7 |a Signály  |2 stusub 
996 |b 284EK88668  |c E*88668  |l EE11  |s P  |a 0  |w stu224955_0001